LEADER 01745nam 2200505 450 001 9910703551303321 005 20150304143736.0 035 $a(CKB)5470000002432188 035 $a(OCoLC)904345041 035 $a(EXLCZ)995470000002432188 100 $a20150304j201410 ua 0 101 0 $aeng 135 $aurcn||||||||| 181 $ctxt$2rdacontent 182 $cc$2rdamedia 183 $acr$2rdacarrier 200 12$aA comprehensive analysis of the X-15 flight 3-65 accident /$fCornelius J. Dennehy [and three others] 210 1$aHampton, Virginia :$cNational Aeronautics and Space Administration, Langley Research Center,$dOctober 2014. 215 $a1 online resource (107 pages) $ccolor illustrations 225 1 $aNASA/TM ;$v2014-218538 300 $aTitle from title screen (viewed Mar. 4, 2015). 300 $a"October 2014." 300 $a"Corrected copy." 320 $aIncludes bibliographical references (pages 94-95). 606 $aManned spacecraft$2nasat 606 $aAircraft accidents$2nasat 606 $aFlight control$2nasat 606 $aHypersonic flight$2nasat 606 $aFailure modes$2nasat 606 $aAerospace systems$2nasat 615 7$aManned spacecraft. 615 7$aAircraft accidents. 615 7$aFlight control. 615 7$aHypersonic flight. 615 7$aFailure modes. 615 7$aAerospace systems. 700 $aDennehy$b Cornelius J.$01395867 712 02$aLangley Research Center, 712 02$aUnited States.$bNational Aeronautics and Space Administration, 801 0$bGPO 801 1$bGPO 906 $aBOOK 912 $a9910703551303321 996 $aA comprehensive analysis of the X-15 flight 3-65 accident$93520033 997 $aUNINA LEADER 03125nam 22004815 450 001 9910369906303321 005 20200701091454.0 010 $a981-13-9558-6 024 7 $a10.1007/978-981-13-9558-1 035 $a(CKB)4100000009451854 035 $a(DE-He213)978-981-13-9558-1 035 $a(MiAaPQ)EBC5888541 035 $a(PPN)259452777 035 $a(EXLCZ)994100000009451854 100 $a20190829d2020 u| 0 101 0 $aeng 135 $aurnn|008mamaa 181 $ctxt$2rdacontent 182 $cc$2rdamedia 183 $acr$2rdacarrier 200 10$aChina 40 Years Infrastructure Construction /$fby Xin Qiu 205 $a1st ed. 2020. 210 1$aSingapore :$cSpringer Singapore :$cImprint: Springer,$d2020. 215 $a1 online resource (XV, 202 p. 121 illus., 117 illus. in color.) 225 1 $aResearch Series on the Chinese Dream and China?s Development Path,$x2363-6866 311 $a981-13-9557-8 327 $aChapter One: Preface -- Chapter Two: Development in Chinese Residential Building Project Construction -- Chapter Three: Development in Chinese Commercial Office Building Construction -- Chapter Four: Development in Chinese Traditional Energy Projects Construction -- Chapter Five: Development in Chinese transportation construction -- Chapter Six: Development in Chinese Environmental Water Conservancy Construction -- Chapter Seven: Development in Chinese Post and Telecommunication Construction -- Chapter Eight: Urban Cultural and Sport Infrastructure Construction -- Chapter Nine: Achievements and Prospect of Chinese Infrastructure Construction -- Chapter Ten: Development in Chinese Infrastructure in the New Era. 330 $aThe book specifies infrastructure construction achievements and present development situation in China in the 30 years after the reform and opening up in the fields of architecture, energy, transportation, environmental protection, water conservancy, telecommunications and urban arts and sports. The book also summarizes the experiences and lessons in the course of the construction and puts forward the development requirements and prospects in the hope of providing reference and enlightenment for African people in their infrastructure construction and offering certain help for their smooth construction work in order to avoid disadvantages and achieve better economic and social benefits. 410 0$aResearch Series on the Chinese Dream and China?s Development Path,$x2363-6866 606 $aPublic policy 606 $aEconomic policy 606 $aPublic Policy$3https://scigraph.springernature.com/ontologies/product-market-codes/911060 606 $aDevelopment Policy$3https://scigraph.springernature.com/ontologies/product-market-codes/913020 615 0$aPublic policy. 615 0$aEconomic policy. 615 14$aPublic Policy. 615 24$aDevelopment Policy. 676 $a320.6 700 $aQiu$b Xin$4aut$4http://id.loc.gov/vocabulary/relators/aut$01065166 906 $aBOOK 912 $a9910369906303321 996 $aChina 40 Years Infrastructure Construction$92543468 997 $aUNINA